| 000 | 00799nam a2200217 i 4500 | ||
|---|---|---|---|
| 001 | 47994 | ||
| 003 | ES-MaACL | ||
| 005 | 20250820095204.0 | ||
| 007 | t| | ||
| 008 | 950324m18451846sp af ||||1| spa d | ||
| 040 |
_aEUS _bspa _cEUS |
||
| 100 | 1 |
_aCretineau-Joly, Jacques Augustin Marie. _941567 |
|
| 245 | 1 | 0 |
_aHistoria religiosa, política y literaria de la Compañía de Jesús / _cescrita en francés por Cretineau-Joli ; traducida al castellano por J. José González Hebrero. |
| 260 |
_aMadrid : _b[s.n.], _c1845-1846 ( _fImprenta de D.Tomás Aguado y Compañía) |
||
| 300 |
_a5 v. ; _c22 cm. |
||
| 610 | 2 | 4 |
_aJesuitas- _xHistoria _95353 |
| 700 | 1 |
_aGonzález Hebrero, J. José, _etrad. _9201268 |
|
| 852 |
_aES-MaACL _jG-59-63 |
||
| 999 |
_c47994 _d47994 |
||